Texas Instruments Graphing Calculators - Statistics

General Stats
  • This quiz has been taken 12 times
    11 since last reset
  • The average score is 16 of 37
Answer Stats
Year Released Answer % Correct
1992 TI-85
80%
1996 TI-86
80%
1998 TI-89
80%
2007 TI-Nspire
80%
1995 TI-80
70%
1990 TI-81
70%
1993 TI-82
70%
1996 TI-83
70%
2011 TI-Nspire CX
70%
2011 TI-Nspire CX CAS
70%
2004 TI-84 Plus
60%
2015 TI-84 Plus CE
60%
2021 TI-84 Plus CE Python
60%
2010 TI-Nspire CAS
60%
2019 TI-Nspire CX II
60%
1998 TI-73
50%
1999 TI-83 Plus
50%
1995 TI-92
50%
2019 TI-Nspire CX II CAS
50%
2001 TI-83 Plus Silver Edition
40%
2004 TI-84 Plus Silver Edition
40%
2004 TI-89 Titanium
40%
1996 TI-92 II
30%
1998 TI-92 Plus
30%
2002 Voyage 200
30%
2003 TI-73 Explorer
20%
2004 TI-82 STATS
20%
2015 TI-83 Premium CE
20%
2019 TI-83 Premium CE Python
20%
2016 TI-84 Plus CE-T
20%
2013 TI-84 Plus C Silver Edition
20%
2015 TI-84 Plus T
20%
2021 TI-84 Plus CE-T Python
10%
2012 TI-84 Plus Pocket Silver Edition
10%
2011 TI-84 Pocket.fr
10%
2010 TI-Nspire Touchpad
0%
2010 TI-Nspire Touchpad CAS
0%
No matching quizzes found
Score Distribution
Percent of People with Each Score
Percentile by Number Answered
Your Score History
You have not taken this quiz since the last reset